Coupe du Monde Football 1950: Drapeaux des pays qualifiés - Statistiques

Statistiques générales
  • Ce quiz a été pris 49 fois
  • Le résultat moyen est 12 sur 13
Statistiques - réponses
Par images Réponse % Correct
Angleterre
98%
Brésil
98%
Etats-Unis
98%
Italie
98%
Suède
98%
Suisse
98%
Espagne
95%
Uruguay
95%
Chili
93%
Mexique
93%
Paraguay
84%
Bolivie
72%
Yougoslavie
65%
Aucun quiz correspondant
Distribution des résultats
% des personnes avec chaque résultat
Percentile par nombre de réponses
Votre historique - résultats
Vous n’avez pas pris ce quiz